| 000 | 00000nam##2200000za#4500 |
| 001 | 9.571292 |
| 003 | CaOODSP |
| 005 | 20210624182644 |
| 007 | cr ||||||||||| |
| 008 | 150406|1998||||xxc|||||o f|0| 0 eng|d |
| 040 | |aCaOODSP|beng |
| 043 | |an-cn--- |
| 086 | 1 |aTU3-5/98-13E-PDF |
| 110 | 2 |aTransportation Safety Board of Canada. |
| 245 | 10|aEngine fire in flight, Shadow Forest Services Ltd., Piper PA-31 Navajo C-GBFZ, Port Hardy, British Columbia, 50 nm NE, 17 April 1998 |h[electronic resource] |
| 260 | |aGatineau - Quebec : |bTransportation Safety Board of Canada |c[1999]. |
| 300 | |a6p. |
| 490 | 1 |aAviation investigation report |vA98P0100 |
| 590 | |a12-01-Supp|b2012-01-13 |
| 775 | 08|tIncendie moteur en vol, Shadow Forest Services Ltd., Piper PA-31 Navajo C-GBFZ, 50 nm au nord-est de Port Hardy (Colombie-Britannique), 17 avril 1998 |w(CaOODSP)9.601908 |
| 830 | #0|aAviation investigation report ;|vA98P0100|w(CaOODSP)9.504825 |
| 856 | 40|ahttp://publications.gc.ca|qPDF|s74 KB|uhttps://publications.gc.ca/collections/collection_2011/bst-tsb/TU3-5-98-13-eng.pdf|yA98P0100 |